| 000 | 00611nam a22002177a 4500 | ||
|---|---|---|---|
| 005 | 20170124110234.0 | ||
| 010 | _aA-248645 | ||
| 020 | _c00.00 | ||
| 035 | _aA-248645 | ||
| 037 | _bCen Lib/Ret | ||
| 040 |
_aDPL _bEN |
||
| 082 |
_a910 _bSMA |
||
| 100 |
_aSmart, Ted _941803 |
||
| 245 |
_aU.S.A. : _cby Ted Smart _ba picture book to remember her by / |
||
| 260 |
_aNew York _bGalley Press |
||
| 270 | _bNew York | ||
| 300 |
_avarious pagings. : _c27m(Hb) _bcol.ill. |
||
| 650 |
_aUnited States -- Pictorial works _941804 |
||
| 650 |
_aUnited States _941805 |
||
| 942 |
_2ddc _cEN _h910 _mSMA |
||
| 999 |
_c134802 _d134802 |
||